• 首页
  • 本馆介绍
  • 公告通知
  • 最新文献
  • 馆藏检索
  • 电子资源
  • 读者导购
  • 参考咨询
  • 我的图书馆
  • 登录
  • 详细信息显示
  • 放入我的书架
  • 预约/预借图书
  • 作者相关作品
  • 分类相关作品
  • 丛书相关作品
  • 出版社相关作品

书目信息

  • 表格格式
  • 工作单格式
  • 卡片格式
题名:
动一动中国基础教育的基础
    
 
作者: 黄全愈 著
分册:  
出版信息: 北京   中国人民大学出版社  2010
页数: 12,205页
开本: 24cm
丛书名:
单 册:
中图分类: G639.2 , G40-012
科图分类:
主题词: 基础教育--研究--中国 , 素质教育--研究--中国 , 基础教育 , 素质教育
电子资源:
ISBN: 978-7-300-12379-0
000 01099nam0 2200301 45
001 1133495078
005 20110414095514.85
010    @a978-7-300-12379-0@dCNY26.80
100    @a20110316d2010 em y0chiy0110 ea
101 0  @achi
102    @aCN@b110000
105    @aa z 000yy
106    @ar
200 1  @a动一动中国基础教育的基础@ADong Yi Dong Zhong Guo Ji Chu Jiao Yu De Ji Chu@e中国素质教育之辩@EZhong Guo Su Zhi Jiao Yu Zhi Bian@f(美)黄全愈著@F( Mei ) Huang Quan Yu Zhu
210    @a北京@c中国人民大学出版社@d2010
215    @a12,205页@c照片@d24cm
300    @a黄全愈教育文集
330    @a本书收录了作者关于中国基础教育问题的一些观点、访谈和文章,展示了作者“要建立创新型国家,要实现教育现代化,必须从基础教育开始”的思想。
517 1  @a中国素质教育之辩@AZhong Guo Su Zhi Jiao Yu Zhi Bian
606 0  @a基础教育@x研究@y中国
606 0  @a素质教育@x研究@y中国
606 0  @a基础教育
606 0  @a素质教育
690    @aG639.2@v4
690    @aG40-012@v4
701  0 @a黄全愈@AHuang Quan Yu@f(1951~)@4著
801  0 @aCN@bTANGWEI@c20110414
905    @b0533742-46@dG639.2@e1100@f5
    
    动一动中国基础教育的基础:中国素质教育之辩/(美)黄全愈著.-北京:中国人民大学出版社,2010
    12,205页:照片;24cm
    黄全愈教育文集
    
    ISBN 978-7-300-12379-0:CNY26.80
    本书收录了作者关于中国基础教育问题的一些观点、访谈和文章,展示了作者“要建立创新型国家,要实现教育现代化,必须从基础教育开始”的思想。
●
相关链接 在E读中查询图书 在五车中查询图书 在当当中查询图书 在豆瓣中查询图书


正题名:动一动中国基础教育的基础     索取号:G639.2/1100         预约/预借

序号 登录号 条形码 馆藏地/架位号 状态 备注
1 0533742   205337429   第一样本阅览室/ [索取号:G639.2/1100] 在馆    
2 0533743   205337438   教育系资料室/ [索取号:G639.2/1100] 在馆    
3 0533744   205337447   第四借阅区/ [索取号:G639.2/1100] 在馆    
4 0533745   205337456   第四借阅区/ [索取号:G639.2/1100] 在馆    
5 0533746   205337465   第四借阅区/ [索取号:G639.2/1100] 在馆    
唐山师范学院图书馆 欢迎您!
大连网信软件有限公司© 版权所有